Design techniques for on-farm experimentation: Vol II

Saved in:
Bibliographic Details
Format: Book
Language:Undetermined
Published: Florida FSSP 1987
Subjects:
Tags: Add Tag
No Tags, Be the first to tag this record!
Institutions: Trung tâm Học liệu Trường Đại học Cần Thơ
LEADER 00458nam a2200157Ia 4500
001 CTU_30067
008 210402s9999 xx 000 0 und d
082 |a 630 
082 |b F233/d-II 
245 0 |a Design techniques for on-farm experimentation: Vol II 
260 |a Florida 
260 |b FSSP 
260 |c 1987 
650 |a agrculture - experimentation,farming systems 
904 |i Liên, 990226 
980 |a Trung tâm Học liệu Trường Đại học Cần Thơ